V domě je příšera : proč se nebát hororu v literatuře a filmu /
Filmový publicista a kritik se v knize zaměřuje na různorodost hororu, jeho kulturní kontexty a vývojové linie. V publikaci se snaží vyvrátit předsudky spojené s hororem a představit jej jako komplexní žánr s hlubšími významy.
Uloženo v:
| Hlavní autor: | |
|---|---|
| Médium: | E-kniha |
| Jazyk: | Czech |
| Vydáno: |
V Praze :
Paseka,
2025
|
| Vydání: | Vydání první |
| Témata: | |
| Tagy: |
Žádné tagy |
| LEADER | 02698nam a2200529 i 4500 | ||
|---|---|---|---|
| 001 | 297567 | ||
| 003 | CZ PrSKC | ||
| 005 | 20260414063121.0 | ||
| 007 | ta | ||
| 008 | 250325s2025 xr a e f 000 0 cze | ||
| 015 | |a cnb003678463 | ||
| 020 | |a 9788076375444 |q (vázáno) | ||
| 035 | |a (OCoLC)1519101705 | ||
| 040 | |a OLA001 |b cze |e rda | ||
| 045 | |a x-y- | ||
| 072 | 7 | |a 791 |x Film. Cirkus. Lidová zábava |2 Konspekt | |
| 080 | |a 791.221.9 |2 MRF | ||
| 080 | |a 82-312.4 |2 MRF | ||
| 080 | |a 791.32.072.3 |2 MRF | ||
| 080 | |a 82-95 |2 MRF | ||
| 080 | |a (0.062) |2 MRF | ||
| 100 | 1 | |a Tesař, Antonín, |d 1983- |7 xx0207095 |4 aut | |
| 245 | 1 | 0 | |a V domě je příšera : |b proč se nebát hororu v literatuře a filmu / |c Antonín Tesař |
| 250 | |a Vydání první | ||
| 264 | 1 | |a V Praze : |b Paseka, |c 2025 | |
| 300 | |a 348 stran : |b ilustrace ; |c 21 cm | ||
| 336 | |a text |b txt |2 rdacontent | ||
| 337 | |a bez média |b n |2 rdamedia | ||
| 338 | |a svazek |b nc |2 rdacarrier | ||
| 504 | |a Obsahuje bibliografii a bibliografické odkazy | ||
| 520 | 2 | |a Filmový publicista a kritik se v knize zaměřuje na různorodost hororu, jeho kulturní kontexty a vývojové linie. V publikaci se snaží vyvrátit předsudky spojené s hororem a představit jej jako komplexní žánr s hlubšími významy. |b Horor je celý svět, v němž se dá bydlet. Všichni se totiž něčeho bojíme. Kniha předního kritika a fanouška hororů Antonína Tesaře zavede čtenáře do nejrůznějších filmových i literárních končin tohoto žánru a ukáže, jak neobyčejně pestrý a široký může být. Nakladatelská anotace. Kráceno. | |
| 648 | 7 | |a 20.-21. století |7 ch462155 |2 czenas | |
| 650 | 0 | 7 | |a filmové horory |7 ph232627 |y 20.-21. století |2 czenas |
| 650 | 0 | 7 | |a horor (literatura) |7 ph200842 |y 20.-21. století |2 czenas |
| 650 | 0 | 7 | |a filmová kritika |7 ph120186 |2 czenas |
| 650 | 0 | 7 | |a literární kritika |7 ph115157 |2 czenas |
| 650 | 0 | 9 | |a horror films |y 20th-21st centuries |2 eczenas |
| 650 | 0 | 9 | |a horror literature |y 20th-21st centuries |2 eczenas |
| 650 | 0 | 9 | |a film criticism |2 eczenas |
| 650 | 0 | 9 | |a literary criticism |2 eczenas |
| 655 | 7 | |a populárně-naučné publikace |7 fd131864 |2 czenas | |
| 655 | 9 | |a popular works |2 eczenas | |
| 900 | |a ABA001 |b 19 | ||
| 044 | |a xr | ||
| 910 | |a RBIT002 | ||
| 998 | |d 424959 |a https://core.palmknihy.cz/api/books/424959/cover?tbqbcw |b https://core.palmknihy.cz/api/books/424959/cover/400?tbqbcw |c https://core.palmknihy.cz/api/books/424959/cover/50?tbqbcw |e 2033-02-01 |g 352 |i 9788076375444 |j https://core.palmknihy.cz/api/books/424959/preview.epub |k https://core.palmknihy.cz/api/books/424959/preview.pdf |l |q 49 |r 1 |s https://www.palmknihy.cz/kniha/424959 |t ebook |y 2025 |z 0 | ||
| 999 | |d 297565 | ||